|
|
|
|
| LEADER |
00000nam a2200000 a 4500 |
| 001 |
UCI9590 |
| 003 |
CL-VaPUC |
| 008 |
081128e20080000SP |||||||||||||||||spa|d |
| 020 |
|
|
|a 9788425425455
|
| 082 |
0 |
4 |
|a 196.1
|b DIA
|2 21
|
| 100 |
0 |
|
|a Díaz Muñoz, Guillerma
|e author
|9 533431
|
| 245 |
1 |
0 |
|a Teología del misterio en Zubiri
|
| 300 |
|
|
|a 221 p
|
| 942 |
|
|
|c BK
|
| 945 |
|
|
|d 20081128 00:00:00
|a rbrito
|
| 260 |
|
|
|a Barcelona
|b Herder
|c 2008
|
| 500 |
|
|
|a Incluye además de Xavier Zubiri: El ser sobrenatural: Dios y la deificación en la teología paulina
|
| 600 |
0 |
7 |
|a ZUBIRI, XAVIER
|2 CL-VaPUC
|9 216
|
| 650 |
|
0 |
|a Filosofía española
|9 254895
|
| 650 |
|
0 |
|a Pensamiento crítico
|9 455560
|
| 583 |
|
|
|a last modification
|c 20081128 00:00:00
|k Rodrigo Vera
|
| 999 |
|
|
|c 332103
|d 332101
|
| 952 |
|
|
|0 0
|1 0
|4 0
|6 196_100000000000000_DIA_2008
|7 0
|8 A
|9 419483
|a BIBEDU
|b BIBEDU
|d 2019-11-22
|i 4501578
|l 4
|m 2
|o 196.1 DIA 2008
|p 4501578
|q 2024-08-02
|r 2024-07-03
|s 2024-07-03
|w 2019-11-22
|y BK
|k FIL
|